| 000 | 01520namaa2200313 cb4500 | ||
|---|---|---|---|
| 001 | BV005305351 | ||
| 003 | DE-70 | ||
| 005 | 20260416171111.0 | ||
| 006 | m|||| o||u| |||||| | ||
| 007 | tu | ||
| 007 | 7 | ||
| 008 | 920527s1980 a||| |||| 00||| und d | ||
| 020 |
_a9781009653480 _9978-1-009-65348-0 |
||
| 024 |
_a9781009653480 _a978-1-009-65348-0 |
||
| 040 | _cRU-10907106 | ||
| 041 | _aeng | ||
| 100 |
_aStaudenmaier, Peter _4aut _969049 |
||
| 245 |
_aThe Politics of Nature in Nazi Germany _bEnvironmental Ideals and the Myth of Blood and Soil |
||
| 264 |
_aCambridge _bCambridge University Press _c2026 |
||
| 300 | _a222 Seiten | ||
| 336 |
_2rdacontent _aText _btxt |
||
| 337 |
_2rdamedia _aComputermedien _bbc |
||
| 338 |
_2rdacarrier _aOnline Ressource _bcr |
||
| 490 | _aNew Studies in European History | ||
| 500 | _aE-Book / Zugriff nur im Lesesaal | ||
| 520 | _aIntroduction: the plough and the sword: historical perspectives on nature in Nazi Germany; 1. Back to the land: organic alternatives in the third Reich; 2. To heal the Earth: the Reich league for biodynamic agriculture, 1933-1941; 3. The conscience of the German countryside: landscape advocates and Nazi environmentalism in practice; 4. Rooted in the Soil? Debating nature in Hitler's Germany; 5. A Garden of Eden in the East: environmental ideals in war and defeat; Epilogue: the political ambivalence of ecology and its unresolved past; Bibliography; Index. | ||
| 856 |
_zVolltext _uhttps://doi.org/10.1017/9781009653480 |
||
| 942 |
_cEB _2z |
||
| 999 |
_c74077 _d74077 |
||